000 00298nam a22001217a 4500
008 170328b xxu||||| |||| 00| 0 eng d
041 _aeng
080 _22 ED
_a615.83
100 _a8
101 _aSHM
245 _aEFFECTIVE DOCUMENTATION FOR OCCUPATIONAL THERAPY
_cACQUAVIVA.J.D
942 _2udc
_cBK
999 _c8824
_d8824